000 00360nam a2200145 i 4500
001 bg
100 1 _aCACKOWSKI, Zdzisław
245 0 _aFilozofia marksistowska :
_bwybrane problemy /
_cZ. Cackowski.
260 _aWarszawa,
_c1986.
040 _cBPK
041 _apol
080 _a141.82+316.195.6
942 _cKS
008 s pl f |000 0 pol
999 _c2829
_d2829
856 _uhttp://koha.tu.koszalin.pl/cgi-bin/koha/opac-detail.pl?biblionumber=2829
_yKatalog online BPK